Statistics for Административное деление Белоруссии (с картой)

Click here to take the quiz!

General Stats

  • This quiz has been taken 1 607 times
  • The average score is 6 of 7

Answers on the Map

Answers color-coded by a green-red scale on the quiz's map according to % correct below.
 

Answer Stats

Область% Correct
Минск
100%
Минская область
100%
Гомельская область
88%
Брестская область
87%
Витебская область
81%
Могилёвская область
80%
Гродненская область
79%

Score Distribution

Percentile by Number Answered

Percent of People with Each Score

Your Score History

You have not taken this quiz